[Event "Wch Seniors 08th"]
[Site "Grieskirchen"]
[Date "1998.11.20"]
[Round "11"]
[White "Tscherne, Josef"]
[Black "Rosen, Willy"]
[Result "1/2-1/2"]
[WhiteElo "2025"]
[BlackElo "2300"]
[PlyCount "65"]
[EventDate "1998.11.08"]
[EventType "swiss"]
[EventRounds "11"]
[EventCountry "AUT"]
[SourceTitle "CBM 067 Extra"]
[Source "ChessBase"]
[SourceDate "1999.01.01"]
[SourceVersion "1"]
[SourceVersionDate "1999.01.01"]
[SourceQuality "1"]

1. Nf3 Nf6 2. d4 e6 3. g3 c5 4. e3 b6 5. Bg2 Bb7 6. 0-0 Be7 7. b3 0-0 8. Bb2 d6 9. Nbd2 Nbd7 10. Re1 a6 11. c4 Qc7 12. Qc2 Rac8 13. Rac1 Qb8 14. e4 cxd4 15. Nxd4 d5 16. exd5 Bxd5 17. Bh3 Rfe8 18. Qb1 Ba8 19. a3 Qb7 20. N4f3 Nc5 21. Bg2 Rcd8 22. Re2 Rxd2 23. Rxd2 Nxb3 24. Rcd1 Nxd2 25. Rxd2 Ne4 26. Re2 Nc5 27. Bd4 Rd8 28. Ne1 Qc8 29. Be3 Bxg2 30. Kxg2 Qc6+ 31. f3 h5 32. Nc2 e5 33. Nb4 1/2-1/2

[Event "Wch Seniors 08th"]
[Site "Grieskirchen"]
[Date "1998.11.16"]
[Round "8"]
[White "Weigel, Herbert"]
[Black "Tscherne, Josef"]
[Result "0-1"]
[WhiteElo "2240"]
[BlackElo "2025"]
[PlyCount "174"]
[EventDate "1998.11.08"]
[EventType "swiss"]
[EventRounds "11"]
[EventCountry "AUT"]
[SourceTitle "CBM 067 Extra"]
[Source "ChessBase"]
[SourceDate "1999.01.01"]
[SourceVersion "1"]
[SourceVersionDate "1999.01.01"]
[SourceQuality "1"]

1. e4 e5 2. Nf3 d6 3. d4 Nd7 4. Bc4 c6 5. 0-0 Be7 6. dxe5 dxe5 7. Ng5 Bxg5 8. Qh5 Qe7 9. Bxg5 Ngf6 10. Qe2 0-0 11. a4 Re8 12. Nc3 Nc5 13. Rae1 h6 14. f4 exf4 15. Bxf4 Be6 16. e5 Bxc4 17. Qxc4 Nfd7 18. Bg3 Nb6 19. Qg4 Qe6 20. Qd4 Qc4 21. Qf2 Rf8 22. Bh4 Rae8 23. Qg3 Nd5 24. Nxd5 Qxd5 25. Bf6 Ne6 26. Rf4 Kh7 27. Ref1 Rg8 28. Rh4 Qd2 29. Qh3 gxf6 30. Rxf6 Rg6 31. Rxf7+ Kg8 32. Rf2 Qg5 33. Rf5 Qd2 34. Rf2 Qe1+ 35. Rf1 Qxe5 36. Rxh6 Qd4+ 37. Kh1 Qg7 38. Rxg6 Qxg6 39. Qb3 Re7 40. h3 Kh7 41. Qb4 Rg7 42. Qh4+ Kg8 43. Rf2 Qg5 44. Qe4 Qd5 45. Qe3 b6 46. Rd2 Qf5 47. Rf2 Qg6 48. Rd2 c5 49. c3 Kh7 50. Re2 Ng5 51. Qg3 Rd7 52. Re5 Nf7 53. Qh4+ Kg7 54. Re4 Rd1+ 55. Re1 Rd2 56. Qe4 Rxb2 57. Qb7 Qg3 58. Rf1 Rf2 59. Rxf2 Qxf2 60. Qxa7 Qe1+ 61. Kh2 Qxc3 62. Qxb6 Qe5+ 63. Kg1 c4 64. Qc6 c3 65. Qc4 Qe3+ 66. Kf1 Qc1+ 67. Kf2 Qd2+ 68. Qe2 Qd4+ 69. Qe3 Qc4 70. a5 Qa2+ 71. Ke1 Qxa5 72. Qd4+ Ne5 73. Kd1 Qa1+ 74. Ke2 Qa5 75. Kd1 Qa1+ 76. Ke2 Qb2+ 77. Ke1 Qc1+ 78. Ke2 Qb2+ 79. Ke1 Qb1+ 80. Ke2 Qb5+ 81. Kd1 Qb3+ 82. Ke2 Kf6 83. Qd6+ Kf5 84. g4+ Ke4 85. Qc5 Qb2+ 86. Kf1 Qb3 87. Kf2 c2 0-1

[Event "Wch Seniors 08th"]
[Site "Grieskirchen"]
[Date "1998.11.13"]
[Round "5"]
[White "Tscherne, Josef"]
[Black "Gruenig, Siegfried"]
[Result "1-0"]
[WhiteElo "2068"]
[BlackElo "1871"]
[PlyCount "195"]
[EventDate "1998.11.08"]
[EventType "swiss"]
[EventRounds "11"]
[EventCountry "AUT"]
[SourceTitle "CBM 067 Extra"]
[Source "ChessBase"]
[SourceDate "1999.01.01"]
[SourceVersion "1"]
[SourceVersionDate "1999.01.01"]
[SourceQuality "1"]

1. d4 f5 2. c4 Nf6 3. Nf3 e6 4. g3 c6 5. Bg2 d5 6. 0-0 Be7 7. b3 0-0 8. Bb2 Bd7 9. Nbd2 Be8 10. Ne5 Nbd7 11. Qc2 Bh5 12. f3 Qe8 13. Nd3 Rd8 14. Rae1 Bg6 15. Nf4 Bd6 16. e3 Kh8 17. c5 Bc7 18. Nxg6+ Qxg6 19. f4 Ne4 20. Nf3 Qh6 21. b4 Ndf6 22. Ne5 Bxe5 23. dxe5 Ne8 24. a4 a6 25. Bd4 Nc7 26. Rb1 Qg6 27. Bf3 Qe8 28. Be2 Qd7 29. Rb3 Ra8 30. Rfb1 Rfc8 31. Bd3 h6 32. Qe2 Kh7 33. R3b2 g6 34. g4 Qf7 35. Kh1 Rg8 36. Rg1 Rab8 37. Qg2 Ra8 38. Qh3 Rab8 39. Rf1 Ra8 40. Be2 Rab8 41. Bf3 Ra8 42. Be2 Qd7 43. Rf3 Rg7 44. Qg2 Qf7 45. Rh3 Rh8 46. Rxh6+ Kg8 47. Rxh8+ Kxh8 48. Bf3 Qe7 49. g5 Kg8 50. Kg1 Rh7 51. Qf1 Rh8 52. Be2 Qh7 53. Qg2 Qh4 54. Rb1 Kf7 55. Bf3 Ke7 56. Rd1 Kf7 57. Bb2 Ke7 58. Re1 Kd7 59. Be2 Ra8 60. Bd3 Rh8 61. Rf1 Kc8 62. Bc1 Kd7 63. Bd2 Ke7 64. Be1 Qh7 65. h4 Ne8 66. Qb2 Kf8 67. Be2 Qe7 68. Kg2 Kg8 69. Rh1 Ng7 70. Bf3 Kf7 71. Qe2 Nh5 72. Bxe4 fxe4 73. Bc3 Ra8 74. Bd4 Qd7 75. Rb1 Ng7 76. Qg4 Nh5 77. Bc3 Qe7 78. Rf1 Qd7 79. Qd1 Ke7 80. Qc2 Kf7 81. Rd1 Qe7 82. Rb1 Kg8 83. Bd4 Qd7 84. Qe2 Kf8 85. b5 axb5 86. axb5 Qc8 87. Qb2 Ke8 88. bxc6 bxc6 89. Qb7 Qxb7 90. Rxb7 Rc8 91. Rh7 Rd8 92. Rc7 Ra8 93. Rxc6 Ra2+ 94. Kh3 Kd7 95. Rb6 Rc2 96. Rd6+ Ke7 97. c6 Kf7 98. Bb6 1-0

[Event "Wch Seniors 08th"]
[Site "Grieskirchen"]
[Date "1998.11.10"]
[Round "2"]
[White "Waller, Helmut"]
[Black "Tscherne, Josef"]
[Result "1-0"]
[WhiteElo "2108"]
[BlackElo "2068"]
[PlyCount "155"]
[EventDate "1998.11.08"]
[EventType "swiss"]
[EventRounds "11"]
[EventCountry "AUT"]
[SourceTitle "CBM 067 Extra"]
[Source "ChessBase"]
[SourceDate "1999.01.01"]
[SourceVersion "1"]
[SourceVersionDate "1999.01.01"]
[SourceQuality "1"]

1. e4 c5 2. Nc3 Nc6 3. g3 g6 4. Bg2 Bg7 5. d3 e6 6. f4 d6 7. Nf3 Nge7 8. 0-0 0-0 9. Be3 Nd4 10. Bf2 Qb6 11. Rb1 Bd7 12. e5 Nef5 13. exd6 Nxd6 14. Ne5 Be8 15. Ne4 Nxe4 16. Bxe4 f6 17. Nc4 Qc7 18. c3 Nf5 19. Qf3 Rb8 20. g4 Ne7 21. f5 e5 22. Ne3 Bf7 23. Nd5 Nxd5 24. Bxd5 b6 25. d4 cxd4 26. cxd4 Rbd8 27. Bxf7+ Rxf7 28. Rbc1 Qb7 29. Qxb7 Rxb7 30. dxe5 fxe5 31. Bh4 Re8 32. f6 Bf8 33. g5 Bc5+ 34. Bf2 Bf8 35. Be3 Rd8 36. Kf2 Kf7 37. Ke2 Rbd7 38. Rfd1 Ke6 39. Rxd7 Rxd7 40. Rc8 Rf7 41. Re8+ Kf5 42. Kf3 Bd6 43. h4 Bf8 44. a4 Bb4 45. b3 Rd7 46. Rg8 Rf7 47. Rg7 Ke6 48. Bf2 Bf8 49. Rxf7 Kxf7 50. a5 bxa5 51. Bxa7 Bb4 52. Ke4 Ke6 53. Bf2 Bc3 54. Kd3 Bb4 55. Ke2 Bd6 56. Be1 Bc7 57. Kd3 h6 58. Ke4 hxg5 59. hxg5 Bb6 60. Bd2 Bd8 61. Bc3 Bc7 62. Bb2 Bd6 63. Ba1 Bb8 64. f7 Bd6 65. Bxe5 Bb4 66. Bc3 Kxf7 67. Bxb4 axb4 68. Kd5 Ke7 69. Ke5 Kf7 70. Kd6 Kf8 71. Ke6 Kg7 72. Ke7 Kg8 73. Kf6 Kh7 74. Kf7 Kh8 75. Kxg6 Kg8 76. Kf6 Kf8 77. g6 Kg8 78. g7 1-0